000 00698nam a2200253Ia 4500
003 OSt
005 20221005133553.0
006 a|||||r|||| 00| 0
007 ta
008 221004b |||||||| |||| 00| 0 hin d
024 _a118977
037 _cTextual
040 _aCRL
_cCRL
_bhin
041 _2hin
_ahin
082 _aR6, 152Q1
100 _aसिंह, आनन्द कुमार
245 0 _aतत्वज्ञान
246 _aTatvajnyāna
260 _c2011
300 _a405पृ0
_ccm.
650 _aभारतीय दर्शन
942 _hR6, 152Q1
_cTEXL
_2cc
999 _c1067248
_d1067248